000 01402cam a2200325 a 4500
001 6475
003 FISKH
005 20250506102350.0
008 080527s2009 maua j 000 0 eng
010 _a 2008022713
020 _a9781570916328 (pbk.)
020 _a9781570916328
040 _aDLC
_cDLC
_dDLC
_beng
050 _aQH541 .C65
082 _a577
100 1 _aCollard, Sneed B.
245 1 0 _aMany biomes, one earth /
_cSneed B. Collard III ; illustrated by James M. Needham.
260 _aWatertown :
_bCharlesbridge,
_c2008.
300 _a32 unnumbered pages :
_bcolor illustrations ;
_c22 x 28 cm.
500 _aRev. ed. of: Our natural homes. 1996.
505 _aP
520 _aDiscover earth's natural neighborhoods on a colorful trek through the twelve terrestrial biomes of North and South America. Travel from the icy tundra, where the polar bear makes its home, to the tropical rain forest, the natural home of more than thirty million kinds of insects. From mountains to prairies, rich, exquisite illustrations and fascinating facts present a detailed journey through earth's splendid natural homes.
521 8 _a640
_bLexile estimate
521 8 _aP
_bRaz-Plus
650 0 _aHabitat (Ecology)
_vJuvenile literature.
700 1 _aNeedham, James,
_eillustrator
906 _a7
_bcbc
_corignew
_d1
_eecip
_f20
_gy-gencatlg
942 _2ddc
_cBK
_n0
999 _c6475
_d6475